[Event "European Corporate 2nd"]
[Site "Minsk"]
[Date "2019.08.31"]
[Round "6.5"]
[White "Bogdanovich, Sergey"]
[Black "Yezhel, Valiantsin"]
[Result "0-1"]
[WhiteElo "1272"]
[BlackElo "2226"]
[PlyCount "72"]
[EventDate "2019.08.30"]
[EventType "team-swiss"]
[EventRounds "9"]
[EventCountry "BLR"]
[SourceTitle "EXT 2020"]
[Source "ChessBase"]
[SourceDate "2019.10.17"]
[SourceVersion "1"]
[SourceVersionDate "2019.10.17"]
[SourceQuality "1"]
[WhiteTeam "BGPU"]
[BlackTeam "Evroopt"]
[WhiteTeamCountry "BLR"]
[BlackTeamCountry "BLR"]

1. e4 c5 2. f4 Nc6 3. d3 g6 4. c3 Bg7 5. Nf3 e6 6. g3 Nge7 7. Bg2 0-0 8. 0-0 d6 9. Kh1 b5 10. Nbd2 Rb8 11. Nb3 a5 12. a4 bxa4 13. Rxa4 Qb6 14. Nbd2 d5 15. e5 Ba6 16. Nb1 Bb5 17. Ra3 Qa6 18. Ne1 Nf5 19. Rf3 f6 20. d4 fxe5 21. dxe5 Be2 22. Qa4 Bxf3 23. Nxf3 Rfc8 24. Qc2 Nb4 25. Qd2 Nd3 26. Bf1 c4 27. Ra2 Nxc1 28. Qxc1 Qb6 29. Qd2 Bf8 30. Bh3 Qb3 31. Rxa5 Qxb2 32. Qxb2 Rxb2 33. Nbd2 Bc5 34. Bxf5 gxf5 35. Nf1 h6 36. N3d2 Rc2 0-1